000 00219nam a2200085Ia 4500
008 120527s9999 xx 000 0 und d
100 _aMcCONNELL & BRUE
245 _aEconomics principles,problems and policies
942 _cBK
999 _c26785
_d26785